Normal view
MARC view
Entry Término temático
001 - NÚMERO DE CONTROL
- campo de control: 158985
003 - IDENTIFICADOR DEL NÚMERO DE CONTROL
- campo de control: OSt
005 - FECHA Y HORA DE LA ÚLTIMA TRANSACCIÓN
- campo de control: 20220127160609.0
008 - DATOS DE LONGITUD FIJA
- campo de control de longitud fija: 220127|| aca||aabn | a|a d
040 ## - FUENTE DE LA CATALOGACIÓN
- Centro catalogador/agencia de origen: OSt
- Centro/agencia transcriptor: OSt
150 ## - ENCABEZAMIENTO--TÉRMINO DE MATERIA
- Término de materia o nombre geográfico como elemento de entrada: Industria molinera
- Subdivisión general: México
- Subdivisión general: Nuevo León
670 ## - FUENTE DE DATOS ENCONTRADOS
- Cita de la fuente: Work cat.: (OSt)176503: Leyva Ruelas, Gabriel 66590, Estudio técnico-ingenieril de la empresa Agroindustrias del Norte S. A. de C. V. de (AGROINSA), sección harinera /, 1993
